Statistics for Countries without UNESCO World Heritage Sites

Click here to take the quiz!

General Stats

  • This quiz has been taken 156 times
  • The average score is 16 of 25

Answer Stats

ContinentCountry% Correct
South AmericaGuyana
85%
North AmericaSt. Vincent and the Grenadines
74%
AfricaSão Tomé and Príncipe
73%
AfricaDjibouti
72%
AfricaComoros
71%
AfricaEswatini
70%
OceaniaTonga
69%
North AmericaGrenada
68%
OceaniaSamoa
66%
AsiaBrunei
65%
AfricaBurundi
65%
EuropeMonaco
64%
AfricaRwanda
62%
North AmericaTrinidad and Tobago
62%
AsiaEast Timor
61%
North AmericaBahamas
60%
AfricaEquatorial Guinea
60%
AfricaGuinea-Bissau
60%
AsiaMaldives
57%
AsiaBhutan
56%
AfricaSouth Sudan
56%
AsiaKuwait
54%
AfricaLiberia
54%
AfricaSierra Leone
53%
AsiaTaiwan
46%

Score Distribution

Percentile by Number Answered

Percent of People with Each Score

Your Score History

You have not taken this quiz